000 00329nam a2200133Ia 4500
008 190723s9999 xx 000 0 und d
020 _a978-983-47-1194-8
100 _aNorlida Kamaluddin
245 0 _aPrinciples of Management
250 _a2rd
260 _aNew York
_bOxford University
_c2014
300 _a388
942 _cBK
999 _c1342
_d1342